|
|
|
|
| LEADER |
02312njm a2200661 a 4500 |
| 001 |
000341167 |
| 003 |
CZ BrMZK |
| 005 |
20050117110041.0 |
| 008 |
970101s1998 xr f cze d |
| 028 |
0 |
3 |
|a 71 0433-4
|b Sony Music Bonton
|
| 040 |
|
|
|a BOA001
|b cze
|
| 080 |
|
|
|a 784.4(086.7)
|2 MRF
|
| 100 |
1 |
|
|a Suchý, Jiří,
|d 1931 říjen 1.-
|7 jk01121734
|4 prf
|
| 245 |
1 |
0 |
|a Jiří Suchý & Akord Club
|h [zvukový záznam] /
|c Jiří Suchý & Akord Club.
|
| 246 |
3 |
3 |
|a Píseň o vyšinutém trpaslíkovi
|
| 246 |
3 |
3 |
|a Takový je život
|
| 246 |
3 |
3 |
|a Trumpet blues
|
| 246 |
3 |
3 |
|a Věštkyně
|
| 246 |
3 |
3 |
|a Zlomil jsem ruku tetičce
|
| 246 |
3 |
3 |
|a Černá Jessie
|
| 246 |
3 |
3 |
|a Říkávají lidé někteří
|
| 246 |
3 |
3 |
|a Blues pro tebe
|
| 246 |
3 |
3 |
|a Co je blues
|
| 246 |
3 |
3 |
|a Co je to láska
|
| 246 |
3 |
3 |
|a Dívka z měsíce
|
| 246 |
3 |
3 |
|a JZD boogie
|
| 246 |
3 |
3 |
|a Je hloupý, kdo váhá
|
| 246 |
3 |
3 |
|a Kapradí
|
| 246 |
3 |
3 |
|a Král a dudy
|
| 246 |
3 |
3 |
|a Malý blbý psíček
|
| 246 |
3 |
3 |
|a Meckei Messer
|
| 246 |
3 |
3 |
|a Ne, ne, ne
|
| 246 |
3 |
3 |
|a Opilá bílá myška
|
| 246 |
3 |
3 |
|a Pojď se mnou na výlet
|
| 246 |
3 |
3 |
|a Potkal jsem jelena
|
| 246 |
3 |
3 |
|a Pradlenka z Portugalu
|
| 246 |
3 |
3 |
|a Protože jen ten, kdo zpívá
|
| 246 |
3 |
3 |
|a Píseň nesmělé dvojice
|
| 260 |
|
|
|a Praha :
|b Sony Music Bonton,
|c p1998
|
| 300 |
|
|
|a 1 MC :
|b Dolby systém +
|e 1 brožura [14 s.].
|
| 306 |
|
|
|a 011329
|
| 490 |
1 |
|
|a Písničky ze Semaforu ;
|v 2
|
| 500 |
|
|
|a Durata 73:29
|
| 500 |
|
|
|a Nahr. 1956, 1957, 1959
|
| 505 |
2 |
|
|a Vlasta Sodomová, zpěv; Viktor Sodoma, zpěv; Vilém Rogl, zpěv ... [et al.]
|
| 653 |
0 |
|
|a blues
|a jazzová hudba
|a jazzové písně
|a populární písně
|
| 700 |
1 |
|
|a Sodomová, Vlasta
|7 ola2009531536
|4 prf
|
| 700 |
1 |
|
|a Rogl, Vilém,
|c zpěvák
|4 prf
|
| 700 |
1 |
|
|a Sodoma, Viktor,
|d 1945-
|7 ola2004219881
|4 prf
|
| 710 |
2 |
|
|a Pastel Trio
|7 ko2004253131
|
| 710 |
2 |
|
|a Akord club (hudební skupina)
|7 ko2002159739
|
| 775 |
0 |
|
|t Trumpet blues, Píseň nesmělé dvojice, Opilá bílá myška ... [et al.].
|
| 830 |
|
0 |
|a Písničky ze Semaforu
|
| 910 |
|
|
|a BOA001
|b KZ-0006.293
|
| 964 |
|
|
|a Hudba jazzová
|x MC
|
| 964 |
|
|
|a Hudba populární
|x MC
|
| 990 |
|
|
|a AV
|
| 996 |
6 |
|
|b 261H006623
|c KZ-0006.293
|l MZK
|r Sklad / do 24 hodin
|n 0
|p p.v.
|w 000341167
|u 000010
|a 1
|e BOA001
|j MZK50
|s P
|